000
00238nam a2200097Ia 4500
008
190216s9999||||xx |||||||||||||| ||und||
100
_a
Ray Krishna Das
245
0
_a
Hindi-Ikkis Kahaniyam
260
_b
Mac Millian And Com. Ltd
942
_c
BK
999
_c
17569
_d
17569